00275 a2200109 4500001000700000020000600007040001100013100001900024240005900043245005400102362000900156169983 a  cMagnum aJo Bush, Wilma10aComo desarrollar las aptitudes psico-linguisticaslESP10aComo desarrollar las aptitudes psico-linguisticas0 a1899